[Event "Robecchetto op-B 26th"]
[Site "Robecchetto"]
[Date "2015.07.26"]
[Round "5"]
[White "Foroni, Francesco"]
[Black "Vignati, Andrea"]
[Result "1-0"]
[WhiteElo "1836"]
[BlackElo "1524"]
[PlyCount "113"]
[EventDate "2015.07.24"]
[EventType "swiss"]
[EventRounds "5"]
[EventCountry "ITA"]
[SourceTitle "EXT 2023"]
[Source "ChessBase"]
[SourceDate "2022.10.05"]
[SourceVersion "1"]
[SourceVersionDate "2022.10.05"]
[SourceQuality "1"]

1. b3 b6 2. Bb2 Bb7 3. e3 e6 4. Nf3 Nf6 5. Be2 g6 6. 0-0 Bg7 7. d4 0-0 8. Nbd2 d6 9. c4 Nbd7 10. Qc2 c5 11. Rfd1 Qc7 12. Rac1 Rac8 13. Qb1 Rfd8 14. Qa1 cxd4 15. Nxd4 Nc5 16. Nxe6 fxe6 17. Bxf6 Bxf6 18. Qxf6 Rf8 19. Qh4 Qg7 20. Bf3 Bxf3 21. Nxf3 Qb2 22. Ng5 Rc7 23. Ra1 Rd7 24. f4 Qc3 25. Qe1 Qg7 26. Qd2 Qe7 27. Qd4 h6 28. Ne4 Nxe4 29. Qxe4 Kg7 30. Qd4+ Kh7 31. Rac1 Rfd8 32. g3 e5 33. Qc3 exf4 34. exf4 d5 35. cxd5 Rxd5 36. Rxd5 Rxd5 37. Re1 Qd7 38. Qe3 Rd1 39. Kf2 Qd2+ 40. Re2 Qd7 41. Qe7+ Kg8 42. Qxd7 Rxd7 43. Rc2 Kf7 44. Ke3 Kf6 45. h3 h5 46. Rc6+ Kf5 47. g4+ hxg4 48. hxg4+ Kxg4 49. Rxg6+ Kf5 50. Rg8 Re7+ 51. Kf3 Rf7 52. Rg5+ Kf6 53. Rd5 Re7 54. a4 Rc7 55. Rb5 Rc6 56. a5 a6 57. Rxb6 1-0

[Event "Robecchetto op-B 19th"]
[Site "Robecchetto"]
[Date "2008.12.30"]
[Round "6"]
[White "Recanatini, Italo"]
[Black "Foroni, Francesco"]
[Result "1-0"]
[WhiteElo "1897"]
[BlackElo "1873"]
[PlyCount "173"]
[EventDate "2008.12.27"]
[EventType "swiss"]
[EventRounds "6"]
[EventCountry "ITA"]
[SourceTitle "EXT 2011"]
[Source "ChessBase"]
[SourceDate "2010.11.26"]
[SourceVersion "1"]
[SourceVersionDate "2010.11.26"]
[SourceQuality "1"]

1. e4 Nc6 2. Nf3 e6 3. d4 d5 4. exd5 exd5 5. Bd3 Bd6 6. c3 Nge7 7. Bg5 Be6 8. Qc2 Qd7 9. Nbd2 Bf5 10. 0-0-0 f6 11. Bh4 0-0-0 12. Bg3 Rhe8 13. Bxd6 Bxd3 14. Qxd3 Qxd6 15. Qxh7 Rh8 16. Qd3 g5 17. h3 Qf4 18. g3 Qf5 19. Qxf5+ Nxf5 20. h4 gxh4 21. Nxh4 Nce7 22. Ndf3 Rdg8 23. Kd2 Kd7 24. Ke2 Ke8 25. Rde1 Kf7 26. Nxf5 Nxf5 27. Rxh8 Rxh8 28. Kf1 Nd6 29. Kg2 Nc4 30. b3 Nd6 31. Nd2 Nb5 32. Re3 Rc8 33. Kf3 Rh8 34. a4 Nd6 35. Kg4 Rh2 36. Kf3 Rh1 37. Ke2 Nf5 38. Rf3 Nd6 39. Kd3 Rd1 40. Kc2 Re1 41. Re3 Rg1 42. Re2 Rg2 43. Kd3 Rg1 44. Kc2 Rg2 45. c4 Ne4 46. Nxe4 dxe4 47. Rxe4 Rxf2+ 48. Kd3 Rf1 49. Re3 Rh1 50. Kc3 a5 51. c5 Rd1 52. Kc4 c6 53. Kc3 Kf8 54. Rd3 Rc1+ 55. Kd2 Rg1 56. d5 cxd5 57. Kc3 Kf7 58. Kd4 Ke7 59. Kxd5 Rc1 60. Rf3 Rc2 61. Kd4 Rc1 62. Rc3 Rh1 63. Kc4 Kd7 64. Kb5 Kc7 65. Rf3 Rh6 66. Kxa5 Rg6 67. Kb5 Rh6 68. a5 Rg6 69. b4 Rh6 70. Rf4 Rg6 71. g4 Rh6 72. Kc4 Kc6 73. b5+ Kd7 74. Kd5 Rg6 75. c6+ bxc6+ 76. bxc6+ Kc7 77. a6 Rg5+ 78. Ke6 Ra5 79. Kxf6 Kxc6 80. g5 Kd7 81. g6 Rxa6+ 82. Kf7 Ra7 83. Rd4+ Kc6+ 84. Kg8 Ra1 85. g7 Kc5 86. Rh4 Kd5 87. Kh8 1-0

[Event "Pedavena op-B 1st"]
[Site "Pedavena"]
[Date "2005.08.05"]
[Round "4"]
[White "Buzzati, Francesco"]
[Black "Foroni, Francesco"]
[Result "0-1"]
[WhiteElo "1658"]
[BlackElo "1791"]
[PlyCount "94"]
[EventDate "2005.08.03"]
[EventType "swiss"]
[EventRounds "6"]
[EventCountry "ITA"]
[SourceTitle "EXT 2023"]
[Source "ChessBase"]
[SourceDate "2022.10.05"]
[SourceVersion "1"]
[SourceVersionDate "2022.10.05"]
[SourceQuality "1"]

1. e4 Nc6 2. d4 d5 3. e5 Bf5 4. Bd3 Nxd4 5. Bxf5 Nxf5 6. Nf3 e6 7. 0-0 Bc5 8. c4 c6 9. cxd5 cxd5 10. Qd3 Qd7 11. a3 Nge7 12. b4 Bb6 13. a4 a6 14. Bd2 Nc6 15. Na3 Bc7 16. Rfe1 0-0 17. b5 axb5 18. Nxb5 Ba5 19. Bxa5 Rxa5 20. Ng5 Qe7 21. Nf3 Rfa8 22. Qb3 Qb4 23. Qxb4 Nxb4 24. Rec1 g6 25. g4 Nh6 26. h3 Rxa4 27. Rxa4 Rxa4 28. Rc7 Nd3 29. Rxb7 Rb4 30. Nd6 Rxb7 31. Nxb7 Kf8 32. Kg2 Ng8 33. Kg3 Ne7 34. Na5 h6 35. h4 Ke8 36. h5 Kd7 37. Nb3 gxh5 38. gxh5 Nf5+ 39. Kg2 Ng7 40. Nbd2 Nxh5 41. Nf1 Nhf4+ 42. Kg3 Ng6 43. Ne3 Ndxe5 44. Ng4 Nxg4 45. Kxg4 Ke7 46. Kh5 Nf4+ 47. Kxh6 Nd3 0-1

[Event "Bergamo op 1st"]
[Site "Bergamo"]
[Date "2002.07.26"]
[Round "2"]
[White "Agnelli, Francesco"]
[Black "Foroni, Francesco"]
[Result "1-0"]
[WhiteElo "2146"]
[BlackElo "1685"]
[PlyCount "79"]
[EventDate "2002.07.26"]
[EventType "swiss"]
[EventRounds "6"]
[EventCountry "ITA"]
[SourceTitle "EXT 2007"]
[Source "ChessBase"]
[SourceDate "2006.11.23"]
[SourceVersion "1"]
[SourceVersionDate "2006.11.23"]
[SourceQuality "1"]

1. e4 Nc6 2. Nf3 e6 3. d4 d5 4. Nc3 Nf6 5. e5 Ne4 6. Bd3 f5 7. Ne2 Bd7 8. h4 Be7 9. Nf4 Nb4 10. Bxe4 dxe4 11. Ng5 Bxg5 12. hxg5 Ke7 13. g6 Qg8 14. c3 Nd5 15. Nh3 h6 16. c4 Nb6 17. Qb3 Bc6 18. Nf4 a5 19. Be3 Kd7 20. d5 exd5 21. e6+ Kc8 22. cxd5 Ba4 23. Qc3 Kb8 24. Rc1 Qd8 25. b3 Bb5 26. Qc5 Bd3 27. d6 cxd6 28. Qxb6 Ra6 29. Qxd8+ Rxd8 30. Bd4 Rg8 31. Nd5 Rc6 32. Kd2 Bb5 33. a4 Rxc1 34. Rxc1 Bc6 35. Nf4 Kc8 36. Bb6 Re8 37. Bxa5 Re7 38. Ke3 Kb8 39. Bb6 Re8 40. Bd4 1-0

[Event "SEMI Italia Scacchistica B email"]
[Site "SEMI email"]
[Date "1999.??.??"]
[Round "?"]
[White "Bandiera, Aurelio"]
[Black "Foroni, Francesco"]
[Result "1/2-1/2"]
[WhiteElo "1779"]
[BlackElo "1769"]
[PlyCount "51"]
[EventDate "1999.??.??"]
[EventType "tourn (corr)"]
[EventRounds "10"]
[EventCountry "ITA"]
[SourceTitle "Corr 2008"]
[Source "ChessBase"]
[SourceDate "2008.06.24"]
[SourceVersion "1"]
[SourceVersionDate "2008.06.24"]
[SourceQuality "1"]

1. d4 Nf6 2. Nf3 b5 3. Bf4 Bb7 4. e3 a6 5. Bd3 e6 6. Nbd2 c5 7. c3 cxd4 8. exd4 Be7 9. Qe2 Nc6 10. 0-0 0-0 11. Rfe1 Nd5 12. Bg3 f5 13. h3 Rf7 14. a4 bxa4 15. Rxa4 a5 16. Nc4 Nb6 17. Raa1 Nd5 18. Nd6 Bxd6 19. Bxd6 h6 20. Bc4 Nf6 21. Nd2 Qb6 22. Bc5 Qc7 23. Bb5 Na7 24. Bc4 Nc6 25. Bb5 Na7 26. Bc4 1/2-1/2

[Event "SEMI Italia Scacchistica B email"]
[Site "SEMI email"]
[Date "1999.??.??"]
[Round "?"]
[White "Foroni, Francesco"]
[Black "Giordana, Marco"]
[Result "1-0"]
[WhiteElo "1769"]
[BlackElo "1788"]
[PlyCount "71"]
[EventDate "1999.??.??"]
[EventType "tourn (corr)"]
[EventRounds "10"]
[EventCountry "ITA"]
[SourceTitle "Corr 2008"]
[Source "ChessBase"]
[SourceDate "2008.06.24"]
[SourceVersion "1"]
[SourceVersionDate "2008.06.24"]
[SourceQuality "1"]

1. Nf3 d5 2. e3 Nf6 3. d4 e6 4. Bd3 c5 5. c3 Nc6 6. Nbd2 Bd6 7. 0-0 0-0 8. dxc5 Bxc5 9. e4 h6 10. Qe2 Qc7 11. Bc2 Rd8 12. e5 Nd7 13. Re1 a6 14. Nb3 Ba7 15. Nbd4 Nf8 16. Bf4 Bd7 17. Rad1 Rdc8 18. Qe3 Ne7 19. Bxh6 Nfg6 20. h4 Bxd4 21. Rxd4 Nf5 22. Bxf5 exf5 23. h5 f4 24. Bxf4 Nxf4 25. Rxf4 Qc6 26. Ng5 Rf8 27. Qf3 d4 28. Qxc6 Bxc6 29. Rxd4 Rfe8 30. f4 Rad8 31. Red1 Rxd4 32. cxd4 Bd5 33. b3 Rc8 34. Rd2 Rf8 35. Rf2 b6 36. f5 1-0

[Event "SEMI Italia Scacchistica B email"]
[Site "SEMI email"]
[Date "1999.??.??"]
[Round "?"]
[White "Giancotti, Eraldo"]
[Black "Foroni, Francesco"]
[Result "1-0"]
[WhiteElo "1849"]
[BlackElo "1769"]
[PlyCount "131"]
[EventDate "1999.??.??"]
[EventType "tourn (corr)"]
[EventRounds "10"]
[EventCountry "ITA"]
[SourceTitle "Corr 2008"]
[Source "ChessBase"]
[SourceDate "2008.06.24"]
[SourceVersion "1"]
[SourceVersionDate "2008.06.24"]
[SourceQuality "1"]

1. e4 Nc6 2. d4 d5 3. Nc3 dxe4 4. d5 Nb8 5. Bc4 Nf6 6. Bf4 a6 7. Qe2 b5 8. Bb3 c5 9. dxc6 Nxc6 10. Rd1 Qa5 11. Bd2 Qc7 12. Nxe4 Nxe4 13. Qxe4 Bb7 14. Nf3 e6 15. Bf4 Nb4 16. Qd4 Qc8 17. 0-0 Bxf3 18. gxf3 Qb7 19. Rd2 Nc6 20. Qe4 Bc5 21. Rfd1 Rc8 22. Be5 Bf8 23. c3 Na5 24. Rd3 Qxe4 25. fxe4 Nxb3 26. axb3 f6 27. Bd6 Ra8 28. b4 Kf7 29. Bxf8 Rhxf8 30. Rd7+ Kg6 31. Re7 Rfd8 32. Rxd8 Rxd8 33. Rxe6 Rd1+ 34. Kg2 Ra1 35. Rd6 Kf7 36. h4 Ke7 37. Rb6 Ra2 38. h5 Kf7 39. Kg3 Ke7 40. f3 Kf7 41. Rb7+ Kg8 42. Ra7 h6 43. Kf4 Rxb2 44. Rxa6 Rh2 45. Ra5 Rc2 46. Rxb5 Rxc3 47. Rb7 Rb3 48. b5 Kh8 49. b6 Kh7 50. Rb8 g5+ 51. hxg6+ Kxg6 52. b7 Kg7 53. Kg4 Rb1 54. f4 Rb4 55. Kf5 h5 56. e5 fxe5 57. fxe5 Rb5 58. Kf4 Rb4+ 59. Kg5 Rb5 60. Kh4 Rb4+ 61. Kxh5 Rb5 62. Kg4 Rb4+ 63. Kf5 Rb5 64. Ke4 Rb4+ 65. Kd5 Rb1 66. e6 1-0